[Event "DM 2022 G7 Grp1"]
[Site "Svendborg"]
[Date "2022.04.17"]
[Round "6"]
[White "Hansen, Erik Olsgaard"]
[Black "Steenstrup, Svend"]
[Result "0-1"]
[WhiteElo "1974"]
[BlackElo "1941"]
[PlyCount "92"]
[EventDate "2022.04.12"]
[EventType "swiss"]
[EventRounds "7"]
[EventCountry "DEN"]

1. e4 c5 2. Nf3 Nc6 3. Bb5 d6 4. O-O Nf6 5. Re1 a6 6. Bxc6+ bxc6 7. e5 Nd5 8.
exd6 e6 9. d3 Bxd6 10. Nbd2 O-O 11. Ne4 Be7 12. Ne5 Qc7 13. Nc4 Bd7 14. Bg5 f6
15. Bd2 Rab8 16. Rb1 Rbe8 17. Qh5 Rf7 18. a3 e5 19. Qe2 Bf8 20. f3 f5 21. Nc3
Rfe7 22. Qf2 Re6 23. Na4 e4 24. dxe4 fxe4 25. fxe4 Rxe4 26. Rxe4 Rxe4 27. Rf1
Nf6 28. b3 Bg4 29. Re1 Rd4 30. Be3 Rd5 31. Bxc5 Rh5 32. h3 Rf5 33. Qe3 Bxh3 34.
gxh3 Bxc5 35. Nxc5 Rxc5 36. Qxc5 Qg3+ 37. Kf1 Qxh3+ 38. Ke2 Qg4+ 39. Kd3 Qg6+
40. Kd4 Qg4+ 41. Kd3 Qg6+ 42. Ke3 Qxc2 43. Qxc6 Qxb3+ 44. Kf4 Nh5+ 45. Kg5 Qg3+
46. Kxh5 g6+ 0-1

[Event "DM 2022 G7 Grp1"]
[Site "Svendborg"]
[Date "2022.04.17"]
[Round "6"]
[White "Kovshoj, Sune"]
[Black "Rossen, Claus"]
[Result "0-1"]
[WhiteElo "2125"]
[BlackElo "2159"]
[PlyCount "82"]
[EventDate "2022.04.12"]
[EventType "swiss"]
[EventRounds "7"]
[EventCountry "DEN"]

1. c4 Nf6 2. g3 g6 3. Bg2 d5 4. cxd5 Nxd5 5. Nc3 Nxc3 6. bxc3 c5 7. Nf3 Bg7 8.
O-O O-O 9. d4 Nc6 10. Be3 Be6 11. Rb1 cxd4 12. cxd4 b6 13. Qa4 Bd5 14. Rbc1 Rc8
15. Rfd1 Na5 16. Rxc8 Qxc8 17. Rc1 Qb7 18. Bd2 Nc4 19. Be1 b5 20. Qd1 a5 21.
Nh4 Rd8 22. e3 Bxg2 23. Nxg2 e5 24. Qb3 a4 25. Qb1 Qd5 26. e4 Qxd4 27. Qxb5 Nd6
28. Qa5 Nxe4 29. Rc4 Qxc4 30. Qxd8+ Bf8 31. Qe8 Ng5 32. Nh4 Qe4 33. Bd2 Nh3+
34. Kf1 Qd3+ 35. Ke1 Qb1+ 36. Ke2 Ng1+ 37. Ke3 Qb6+ 38. Kd3 Qd4+ 39. Kc2 Qe4+
40. Kb2 a3+ 41. Kb3 Qb1+ 0-1

[Event "DM 2022 G7 Grp1"]
[Site "Svendborg"]
[Date "2022.04.17"]
[Round "6"]
[White "Nielsen, Thomas"]
[Black "Jensen, Morten Frank"]
[Result "0-1"]
[WhiteElo "1924"]
[BlackElo "2023"]
[PlyCount "84"]
[EventDate "2022.04.12"]
[EventType "swiss"]
[EventRounds "7"]
[EventCountry "DEN"]

1. d4 d5 2. c4 e6 3. Nc3 Nf6 4. Bg5 dxc4 5. e4 a6 6. a4 h6 7. Bh4 Nc6 8. Nf3 g5
9. Bg3 Bb4 10. e5 Nd5 11. Rc1 b5 12. Be2 Nce7 13. O-O Nxc3 14. bxc3 Ba5 15. Nd2
Bb7 16. Bf3 Bxf3 17. Qxf3 Nd5 18. axb5 axb5 19. Ne4 Kf8 20. Qh5 Qe8 21. Qh3 Ke7
22. f4 Kd7 23. f5 Kc6 24. fxe6 fxe6 25. Nf6 Qe7 26. Nxd5 exd5 27. Rf6+ Kb7 28.
Rxh6 Rxh6 29. Qxh6 Bxc3 30. Rxc3 Ra1+ 31. Kf2 b4 32. Rc2 b3 33. Re2 Ra2 34. Qf6
Qh7 35. Qf3 Qe4 36. Qxe4 dxe4 37. e6 Kc8 38. d5 c3 39. Be5 Rxe2+ 40. Kxe2 b2
41. e7 Kd7 42. d6 cxd6 0-1

[Event "DM 2022 G7 Grp1"]
[Site "Svendborg"]
[Date "2022.04.17"]
[Round "6"]
[White "Christensen, John Christopher H"]
[Black "Svendsen, Peter Willer"]
[Result "1/2-1/2"]
[WhiteElo "1837"]
[BlackElo "1909"]
[PlyCount "35"]
[EventDate "2022.04.12"]
[EventType "swiss"]
[EventRounds "7"]
[EventCountry "DEN"]

1. e4 e5 2. Nf3 Nf6 3. Nxe5 d6 4. Nf3 Nxe4 5. d4 d5 6. Bd3 Nc6 7. c3 Bg4 8. O-O
Be7 9. Re1 Nf6 10. Bf4 O-O 11. Nbd2 Nh5 12. Bg3 Nxg3 13. hxg3 Bf6 14. Qc2 h6
15. Nh2 Be6 16. Nhf1 Qd6 17. Ne3 Rfe8 18. Nf3 1/2-1/2

[Event "DM 2022 G7 Grp1"]
[Site "Svendborg"]
[Date "2022.04.17"]
[Round "6"]
[White "Bratholm, Palle"]
[Black "Poulsen, Peter Risgaard"]
[Result "0-1"]
[WhiteElo "2100"]
[BlackElo "1870"]
[PlyCount "50"]
[EventDate "2022.04.12"]
[EventType "swiss"]
[EventRounds "7"]
[EventCountry "DEN"]

1. c4 f5 2. Nc3 Nf6 3. d4 e6 4. Nf3 g6 5. h4 Bg7 6. Bg5 h6 7. Bf4 d6 8. Qc2 O-O
9. e3 Qe7 10. Be2 Nc6 11. d5 Nb4 12. Qb3 Na6 13. Qc2 e5 14. Bh2 Ne4 15. Nxe4
fxe4 16. Nd2 Qxh4 17. Nxe4 Bf5 18. Bf3 Nc5 19. g4 Bxe4 20. Bxe4 Nxe4 21. Qxe4
Qxf2+ 22. Kd1 Qxb2 23. Rb1 Qxa2 24. Bg3 Rf3 25. Be1 Rxe3 0-1

[Event "DM 2022 G7 Grp1"]
[Site "Svendborg"]
[Date "2022.04.17"]
[Round "6"]
[White "Ramkilde, Mikael"]
[Black "Rasmussen, Johnny Koust"]
[Result "1/2-1/2"]
[WhiteElo "1911"]
[BlackElo "1826"]
[PlyCount "52"]
[EventDate "2022.04.12"]
[EventType "swiss"]
[EventRounds "7"]
[EventCountry "DEN"]

1. e4 e5 2. Nc3 Nc6 3. Bc4 Bc5 4. d3 h6 5. Nf3 Nf6 6. a3 a6 7. b4 Ba7 8. Ne2 d6
9. c3 O-O 10. Ng3 d5 11. exd5 Nxd5 12. Bb2 Nf4 13. O-O b5 14. Bb3 Nxd3 15. Qc2
Nxb2 16. Qxb2 Qe7 17. Rfe1 Bg4 18. Bd5 Bxf3 19. gxf3 Qf6 20. Ne4 Qg6+ 21. Kh1
Rad8 22. Rg1 Qf5 23. Bxc6 Qxf3+ 24. Rg2 Rd1+ 25. Rxd1 Qxd1+ 26. Rg1 Qf3+
1/2-1/2

[Event "DM 2022 G7 Grp1"]
[Site "Svendborg"]
[Date "2022.04.17"]
[Round "6"]
[White "Strachan, Christian C"]
[Black "Saravana, Vedant Kumar"]
[Result "1/2-1/2"]
[WhiteElo "1849"]
[BlackElo "1877"]
[PlyCount "56"]
[EventDate "2022.04.12"]
[EventType "swiss"]
[EventRounds "7"]
[EventCountry "DEN"]

1. c4 e5 2. Nc3 Nf6 3. Nf3 Nc6 4. d4 exd4 5. Nxd4 Bb4 6. Bg5 h6 7. Bh4 Bxc3+ 8.
bxc3 Ne5 9. f4 Ng6 10. Bxf6 Qxf6 11. g3 O-O 12. e4 Re8 13. Bg2 c6 14. O-O d6
15. Rb1 Nf8 16. Qd2 Re7 17. Rfe1 Be6 18. Nxe6 Qxe6 19. Qd4 Qd7 20. Rbd1 Ne6 21.
Qxd6 Qxd6 22. Rxd6 Nc5 23. Kf2 Rae8 24. Rd4 Ne6 25. Rdd1 Nc5 26. Rd4 Ne6 27.
Rdd1 Nc5 28. Rd4 Ne6 1/2-1/2

[Event "DM 2022 G7 Grp1"]
[Site "Svendborg"]
[Date "2022.04.18"]
[Round "7"]
[White "Zander, Emil"]
[Black "Andersen, Rune Egede"]
[Result "0-1"]
[WhiteElo "1968"]
[BlackElo "1981"]
[PlyCount "90"]
[EventDate "2022.04.12"]
[EventType "swiss"]
[EventRounds "7"]
[EventCountry "DEN"]

1. e4 e6 2. d4 d5 3. Nd2 Be7 4. Ngf3 Nf6 5. e5 Nfd7 6. Bd3 c5 7. c3 Nc6 8. O-O
g5 9. dxc5 Nxc5 10. Bb5 Bd7 11. b4 g4 12. Nd4 Nxd4 13. Bxd7+ Nxd7 14. cxd4 h5
15. b5 Qb6 16. Qa4 Rc8 17. Rb1 Bg5 18. f4 Be7 19. Bb2 O-O 20. Ba1 f6 21. Kh1 f5
22. Rfc1 Kf7 23. Qb3 Qa5 24. Bc3 Qa3 25. Bb2 Qxb3 26. axb3 Bb4 27. Nf1 a5 28.
bxa6 bxa6 29. Kg1 h4 30. Kf2 Rh8 31. Ke3 Ke7 32. Kd3 h3 33. g3 Nb8 34. Ra1 Kd7
35. Bc3 Rxc3+ 36. Rxc3 Bxc3 37. Kxc3 Rc8+ 38. Kb2 Nc6 39. Kc3 Nxe5+ 40. Kb4
Nc6+ 41. Kc3 a5 42. Ne3 Ne5+ 43. Kb2 Nf3 44. Nf1 Nxd4 45. Rxa5 Rc2+ 0-1

[Event "DM 2022 G7 Grp1"]
[Site "Svendborg"]
[Date "2022.04.18"]
[Round "7"]
[White "Steenstrup, Svend"]
[Black "Jensen, Tobias Ilsoe"]
[Result "0-1"]
[WhiteElo "1941"]
[BlackElo "2154"]
[PlyCount "88"]
[EventDate "2022.04.12"]
[EventType "swiss"]
[EventRounds "7"]
[EventCountry "DEN"]

1. d4 Nf6 2. c4 e6 3. g3 c5 4. Nf3 cxd4 5. Bg2 Nc6 6. Nxd4 Bc5 7. Nb3 Bb4+ 8.
N1d2 b6 9. O-O Ba6 10. Qc2 Rc8 11. Rd1 O-O 12. Ne4 Ne5 13. c5 d5 14. Bf4 Nc4
15. Bg5 Bxc5 16. Nbxc5 Nd6 17. Qa4 Bb5 18. Qb3 Bc4 19. Qc3 Ndxe4 20. Qxc4 Rxc5
21. Bxf6 Qxf6 22. Qd4 Qxd4 23. Rxd4 f5 24. f3 Nf6 25. Rad1 Rc2 26. R1d2 Rfc8
27. Kf2 Kf7 28. Rxc2 Rxc2 29. Ra4 Rc7 30. Ke3 Ke7 31. Kd3 e5 32. e4 fxe4+ 33.
fxe4 d4 34. Rc4 Rxc4 35. Kxc4 Kd6 36. Bf3 Kc6 37. Bd1 a6 38. b4 Ne8 39. a4 Nd6+
40. Kd3 a5 41. bxa5 bxa5 42. Bb3 Kc5 43. Bd5 Kb4 44. Bc6 Nc4 0-1

[Event "DM 2022 G7 Grp1"]
[Site "Svendborg"]
[Date "2022.04.18"]
[Round "7"]
[White "Jalving, August"]
[Black "Marthedal, Anton Mehmet Yildiz"]
[Result "1/2-1/2"]
[WhiteElo "1879"]
[BlackElo "2025"]
[PlyCount "184"]
[EventDate "2022.04.12"]
[EventType "swiss"]
[EventRounds "7"]
[EventCountry "DEN"]

1. d4 Nf6 2. c4 g6 3. Nc3 d5 4. cxd5 Nxd5 5. e4 Nxc3 6. bxc3 Bg7 7. Nf3 c5 8.
Be3 Qa5 9. Qd2 Nc6 10. Rc1 O-O 11. d5 Rd8 12. Bd3 Bg4 13. O-O Bxf3 14. gxf3 Ne5
15. Be2 e6 16. f4 Nc6 17. Qb2 exd5 18. exd5 Ne7 19. d6 Nf5 20. Bd3 Nxd6 21.
Rfd1 c4 22. Bf1 b5 23. Bd4 Bxd4 24. Rxd4 Nf5 25. Re4 Rd6 26. Re5 a6 27. Bxc4
Qd8 28. Bf1 Rd2 29. Rc2 Rd1 30. Rc1 Rd2 31. Rc2 Rd1 32. Rc1 Nh4 33. Rxd1 Qxd1
34. Qe2 Qxe2 35. Bxe2 Rd8 36. Kf1 Rd2 37. Re8+ Kg7 38. Ra8 Rc2 39. Ke1 Ng2+ 40.
Kd1 Rxa2 41. Bxb5 Nxf4 42. Rxa6 Rxf2 43. Bc4 Ng2 44. Ra7 h5 45. Bd5 g5 46. c4
Ne3+ 47. Ke1 Rf4 48. Rc7 Nxd5 49. cxd5 Rd4 50. Rc5 Kf6 51. Kf2 Ke5 52. d6+ Kf6
53. h4 gxh4 54. Rxh5 Rxd6 55. Rxh4 Kg5 56. Ra4 f5 57. Ke3 Rb6 58. Ra3 Kg4 59.
Kf2 Rb2+ 60. Kf1 Rb4 61. Kf2 f4 62. Kg2 Rb2+ 63. Kf1 Rb5 64. Kf2 Rh5 65. Kg2
Rc5 66. Kf2 Rc2+ 67. Kf1 Rh2 68. Kg1 Rb2 69. Kf1 Rb1+ 70. Kf2 Rc1 71. Rb3 Ra1
72. Rc3 Ra2+ 73. Kf1 Kf5 74. Rc4 Ke5 75. Rb4 Rd2 76. Ke1 Rd4 77. Rxd4 Kxd4 78.
Ke2 Ke4 79. Kf2 Kf5 80. Kf3 Kg5 81. Kf2 Kg4 82. Kg2 Kh4 83. Kf3 Kg5 84. Kf2 Kg4
85. Kg2 f3+ 86. Kf2 Kf4 87. Kf1 Ke3 88. Ke1 Kd3 89. Kf2 Ke4 90. Kf1 Ke3 91. Ke1
f2+ 92. Kf1 Kf3 1/2-1/2

[Event "DM 2022 G7 Grp1"]
[Site "Svendborg"]
[Date "2022.04.18"]
[Round "7"]
[White "Jensen, Morten Frank"]
[Black "Gregor, Bjarke"]
[Result "1/2-1/2"]
[WhiteElo "2023"]
[BlackElo "2077"]
[PlyCount "90"]
[EventDate "2022.04.12"]
[EventType "swiss"]
[EventRounds "7"]
[EventCountry "DEN"]

1. d4 Nf6 2. Nc3 d5 3. Bf4 e6 4. Nb5 Bb4+ 5. c3 Ba5 6. e3 O-O 7. Bd3 a6 8. Na3
Nbd7 9. h3 Re8 10. Nf3 c5 11. O-O Bc7 12. Bxc7 Qxc7 13. Rc1 b5 14. Bb1 e5 15.
dxe5 Nxe5 16. Nxe5 Qxe5 17. Nc2 Bb7 18. Ne1 Rad8 19. Nd3 Qe7 20. b4 d4 21. Nxc5
dxe3 22. Qe2 Rd2 23. Qxe3 Qxe3 24. fxe3 Rxg2+ 25. Kh1 Bc6 26. e4 Re2 27. Kg1
Kf8 28. Rcd1 Re5 29. Rd6 Rg5+ 30. Kh1 Nxe4 31. Bxe4 Bxe4+ 32. Nxe4 Rxe4 33.
Rxa6 Rg3 34. Ra7 f6 35. Rd1 Rxh3+ 36. Kg2 Rhe3 37. Rd5 Re2+ 38. Kf1 Re1+ 39.
Kf2 R1e2+ 40. Kf3 R2e3+ 41. Kf2 Re2+ 42. Kf3 R4e3+ 43. Kg4 Re4+ 44. Kf3 R4e3+
45. Kg4 Re4+ 1/2-1/2

[Event "DM 2022 G7 Grp1"]
[Site "Svendborg"]
[Date "2022.04.18"]
[Round "7"]
[White "Rossen, Claus"]
[Black "Hansen, Erik Olsgaard"]
[Result "1/2-1/2"]
[WhiteElo "2159"]
[BlackElo "1974"]
[PlyCount "94"]
[EventDate "2022.04.12"]
[EventType "swiss"]
[EventRounds "7"]
[EventCountry "DEN"]

1. e4 c6 2. Nf3 d5 3. exd5 cxd5 4. Ne5 Nc6 5. d4 Nf6 6. c3 a6 7. Bd3 g6 8. O-O
Bg7 9. Nd2 Nxe5 10. dxe5 Ng4 11. Nf3 Nxe5 12. Nxe5 Bxe5 13. Bh6 f5 14. Qe2 Bf6
15. c4 e6 16. Rac1 d4 17. f4 Bd7 18. b4 Kf7 19. c5 Bc6 20. Bc4 Qd7 21. g4 Be4
22. gxf5 Bxf5 23. Bd3 Qd5 24. a4 Rhe8 25. Qf3 Qxf3 26. Rxf3 Bxd3 27. Rxd3 Red8
28. Kf2 Rd5 29. Kf3 Rad8 30. Kg4 Rh5 31. Bg5 Rxh2 32. c6 Bxg5 33. fxg5 bxc6 34.
Rxc6 Rb2 35. Rh3 Rg2+ 36. Kf4 e5+ 37. Kf3 Rxg5 38. Rxh7+ Kg8 39. Rcc7 Rf8+ 40.
Ke4 Rg4+ 41. Kd5 Rd8+ 42. Ke6 Re8+ 43. Kd5 Rf4 44. Rcg7+ Kf8 45. Rd7 Kg8 46.
Rhg7+ Kf8 47. Rh7 Kg8 1/2-1/2

[Event "DM 2022 G7 Grp1"]
[Site "Svendborg"]
[Date "2022.04.18"]
[Round "7"]
[White "Nielsen, Karsten Ejvind"]
[Black "Hollesen, Kurt"]
[Result "1/2-1/2"]
[WhiteElo "1789"]
[BlackElo "1911"]
[PlyCount "76"]
[EventDate "2022.04.12"]
[EventType "swiss"]
[EventRounds "7"]
[EventCountry "DEN"]

1. e4 c6 2. c4 e6 3. d4 d5 4. Nc3 Nf6 5. f3 Bb4 6. e5 Nfd7 7. a3 Bxc3+ 8. bxc3
dxc4 9. Bxc4 c5 10. Ne2 Nxe5 11. dxe5 Qh4+ 12. g3 Qxc4 13. Qd6 Qd5 14. Qxd5
exd5 15. Be3 b6 16. Rd1 Bb7 17. Kf2 Nd7 18. Nf4 Nxe5 19. Nxd5 O-O 20. Bf4 Ng6
21. Bd6 Rfd8 22. Ne7+ Nxe7 23. Bxe7 Rd5 24. Rxd5 Bxd5 25. Rd1 Be6 26. Rd8+ Rxd8
27. Bxd8 b5 28. Be7 c4 29. Ke3 f6 30. Bc5 a6 31. Bb4 Kf7 32. Bc5 Ke8 33. Bb4
Kd7 34. Bc5 Kc6 35. Bf8 g6 36. Be7 f5 37. Bd8 Bd5 38. f4 Be4 1/2-1/2

[Event "DM 2022 G7 Grp1"]
[Site "Svendborg"]
[Date "2022.04.18"]
[Round "7"]
[White "Svendsen, Peter Willer"]
[Black "Kovshoj, Sune"]
[Result "0-1"]
[WhiteElo "1909"]
[BlackElo "2125"]
[PlyCount "92"]
[EventDate "2022.04.12"]
[EventType "swiss"]
[EventRounds "7"]
[EventCountry "DEN"]

1. e4 c5 2. Nf3 d6 3. d4 cxd4 4. Nxd4 Nf6 5. Nc3 a6 6. Bg5 e5 7. Nb3 Be7 8. Be2
Be6 9. Qd2 Nbd7 10. O-O-O h6 11. Bxf6 Nxf6 12. Kb1 O-O 13. f4 b5 14. Bf3 Qb6
15. f5 Bc4 16. g4 b4 17. Nd5 Nxd5 18. exd5 Bg5 19. Qg2 Bf4 20. f6 Bxb3 21. axb3
gxf6 22. g5 fxg5 23. Qh3 Kg7 24. Qf5 Qd8 25. Be4 Rh8 26. Rdg1 Qc8 27. h4 Qxf5
28. Bxf5 Kf6 29. Be4 gxh4 30. Rxh4 Rhg8 31. Rgh1 Rg3 32. Rh5 Rag8 33. Rf5+ Ke7
34. Rfh5 Rg1+ 35. Ka2 Rxh1 36. Rxh1 Rg3 37. Rh5 Bg5 38. Rh2 a5 39. Rh1 Re3 40.
Bf5 Rf3 41. Bg4 Rf2 42. Bd1 f5 43. Rh3 e4 44. c4 f4 45. Bh5 e3 46. Bg4 e2 0-1

[Event "DM 2022 G7 Grp1"]
[Site "Svendborg"]
[Date "2022.04.18"]
[Round "7"]
[White "Rasmussen, Johnny Koust"]
[Black "Nielsen, Thomas"]
[Result "1/2-1/2"]
[WhiteElo "1826"]
[BlackElo "1924"]
[PlyCount "70"]
[EventDate "2022.04.12"]
[EventType "swiss"]
[EventRounds "7"]
[EventCountry "DEN"]

1. e4 c5 2. Nc3 d6 3. g3 Nc6 4. Bg2 g6 5. f4 Bg7 6. d3 Rb8 7. Nf3 b5 8. O-O b4
9. Ne2 e6 10. c3 Nge7 11. d4 O-O 12. Be3 Qa5 13. Qd2 Ba6 14. Rfc1 bxc3 15. bxc3
cxd4 16. Nexd4 Qc7 17. Nb3 Bc4 18. Nfd4 a5 19. Nxc6 Nxc6 20. Nd4 a4 21. Rab1
Rfd8 22. Qc2 Rxb1 23. Rxb1 Ra8 24. Qd2 d5 25. Nxc6 Qxc6 26. e5 Bf8 27. Bd4 Qc7
28. Bf1 Bxf1 29. Kxf1 Rb8 30. Qc2 a3 31. Ke1 Rb7 32. Kd2 Qb8 33. Kc1 Be7 34.
Rxb7 Qxb7 35. Qe2 Kf8 1/2-1/2

[Event "DM 2022 G7 Grp1"]
[Site "Svendborg"]
[Date "2022.04.18"]
[Round "7"]
[White "Ramkilde, Mikael"]
[Black "Strachan, Christian C"]
[Result "1/2-1/2"]
[WhiteElo "1911"]
[BlackElo "1849"]
[PlyCount "80"]
[EventDate "2022.04.12"]
[EventType "swiss"]
[EventRounds "7"]
[EventCountry "DEN"]

1. e4 e6 2. d4 d5 3. e5 c5 4. c3 Bd7 5. Nf3 a6 6. Na3 cxd4 7. cxd4 Bb4+ 8. Bd2
Bxd2+ 9. Qxd2 Ne7 10. Bd3 Nbc6 11. Rd1 Rc8 12. O-O Ng6 13. g3 Qe7 14. Nc2 O-O
15. h4 f6 16. Bxg6 hxg6 17. Kg2 Qf7 18. exf6 gxf6 19. Ne3 Kg7 20. Ng4 Rh8 21.
Ne3 Rcd8 22. Qc3 Qe7 23. a3 Rc8 24. Qd2 Qd6 25. Rfe1 Rce8 26. Qc3 Rc8 27. Qd2
Ne7 28. Ng4 Rcf8 29. Ne3 Nf5 30. Ng4 Qe7 31. Ne3 Nxe3+ 32. Qxe3 Qd6 33. Qb3 Bc6
34. Rd3 Rd8 35. Rde3 Rhe8 36. Qc2 Qd7 37. Kh2 Rc8 38. Qd2 Rcd8 39. Qc2 Rc8 40.
Qd2 Rcd8 1/2-1/2

[Event "DM 2022 G7 Grp1"]
[Site "Svendborg"]
[Date "2022.04.18"]
[Round "7"]
[White "Saravana, Vedant Kumar"]
[Black "Bratholm, Palle"]
[Result "0-1"]
[WhiteElo "1877"]
[BlackElo "2100"]
[PlyCount "78"]
[EventDate "2022.04.12"]
[EventType "swiss"]
[EventRounds "7"]
[EventCountry "DEN"]

1. e4 e6 2. d4 d5 3. e5 c5 4. c3 Nc6 5. Nf3 Bd7 6. Be2 f6 7. exf6 Nxf6 8. Bg5
Qb6 9. Qb3 Qxb3 10. axb3 cxd4 11. cxd4 Ne4 12. Be3 Bb4+ 13. Nbd2 O-O 14. O-O-O
Bxd2+ 15. Bxd2 Nxf2 16. Rhf1 Nxd1 17. Rxd1 a5 18. Kc2 Rac8 19. Kb1 Be8 20. Bc3
Bg6+ 21. Bd3 Bxd3+ 22. Rxd3 b5 23. Re3 Rf6 24. Re2 h6 25. h4 g5 26. hxg5 hxg5
27. Re1 b4 28. Bd2 g4 29. Ng5 Nxd4 30. Be3 Nf5 31. Bb6 Rg6 32. Nxe6 Re8 33. Re5
Rexe6 34. Rxf5 Rxb6 35. Rxd5 Rgf6 36. Rxa5 Rbc6 37. Rg5+ Kf7 38. Rxg4 Rf1+ 39.
Ka2 Ra6# 0-1